000 00949nas a2200313 4500
001 BR2014006942
003 BR-BrBNA
005 20231205124706.0
007 ta
008 230509b bl.|||p| |||| 00| 00por d
040 _aBR-BrBNA
_bpor
_cBiblioteca Nacional de Agricultura
041 _a(Pt)
072 _aF62
100 1 _aPegorato, A.
100 1 _aChaves Neto, A.
100 1 _aLazzari, S.M.N.
100 1 _aCosta, D.C.P. da
100 1 _aRodrigues, S.R.N.
245 1 _aForrageamento de Apis mellifera L. em inflorescência de Symplocos tenuifolia Brand
650 _aABELHA
650 _aPLANTA MELIFERA
650 _aFLORAÇÃO
650 _aINFLORESCÊNCIA
650 _aAÇÚCARES
650 _aNECTAR
773 0 _tRevista Acadêmica. Ciências Agrárias e Ambientais (Brazil)
_xISSN 0103-989X
_g(Oct-Dec 2012), v. 10(4) p. 327-334
_wBR2014006942
909 _a202311
_bLúcia
_c55
_dLúcia Elande
942 _2AGRIS
_n0
_cANA
999 _c240410
_d240410